000 00655nac a22002171u 4500
010 _a
020 _a8185749752
082 0 0 _a621.3815
_bGUP
090 _c8370
_d8370
100 _aBogart, Theodore F.
245 1 0 _aElectronic devices and circuits /
_cJ. P. Gupta
250 _a2nd ed.
260 _a New Delhi:
_bS. K. Kataria & Sons,2003
_c2003.
300 _a1208 p. :
_bill. ;
_c29 cm.
500 _aIncludes index.
500 _adistributer: Al-Ahram
511 _acatalogued by: wessam
650 0 _aElectronic circuits.
650 0 _aElectronic apparatus and appliances.
942 _cBB
_k621.3815GUP
999 _c8370
_d8370